000 00267nam a22000977a 4500
008 240220b |||||||| |||| 00| 0 eng d
082 _aC
_bALOP1
100 1 0 _aAlonso, Manuel L.
_eautor
_96303
245 _aPapá ya no vive con nosotros /
_cManuel L. Alonso
942 _2ddc
999 _c30663
_d17047